Responses for Show #7 - Tuesday, September 18, 1984

Contestants

[<< previous game]

Gene Visich, a homemaker from Washington Township, New Jersey

Alan Friedenthal, a loan officer from Tarzana, California

Lorrie Farrely, an elementary school teacher from Orange, California (whose 2-day cash winnings total $20,250)

[next game >>]

Jeopardy! Round responses

PRESIDENTS
CHILDREN'S LITERATURE
JUST NAMES
BUSINESS & INDUSTRY
"UPS" & "DOWNS"
LITERARY QUOTES
    $100 10
Richard Nixon

Lorrie
    $100 1
turtle (or tortoise)

Gene
    $100 7
Bill

Lorrie
    $100 20
(Alex: Woolworth's, right.)

Woolworth

Gene
    $100 18
"Downtown"

Lorrie
    $100 6
Nevermore

Gene
    $200 17
Calvin Coolidge

Gene
    $200 2
Friday

Lorrie
    $200 9
an Olive

Gene
    $200 21
[Alan receives a grand ovation for finally ringing in.]

Coca-Cola

Alan
    $200 8
Gunga Din

Gene
    $300 15
(Alex: As a matter of fact, they were the only presidents to have come from [*].)

the Navy

Gene
    $300 3
Little John

Lorrie
    $300 11
Pat

Gene
    $300 22
(Gene: [No response])

American Motors

AlanGene
    $300 19
Winnie-the-Pooh

Gene
    $400 14
Eisenhower

Gene
    $400 4
the Lilliputians

Lorrie
    $400 12
(Gene: What is a...)

a Jack

LorrieGene
    $400 23
(Alex: And we've got about a minute to go in the round.)

Prudential

Lorrie
    $400 24
Mark Twain

Lorrie
    $500 16
(Gene: [*]?)
(Alex: Oh, yes!)
(Gene: Who is [*]?)
(Alex: You got it just in the nick of time.)
...
(Alex: His name was changed by his step-father.)

Gerald Ford

Gene
    $500 5
Snow White

Lorrie
    $500 13
a Frank

Gene
    $500 26
(Lorrie: Who is Bank of America?)
[Contestant is heard ringing in.]
(Alex: That is wrong....Just a moment.)
[Alan is seen and heard ringing in.]
[Player time's up signal is heard.]
[End-of-round signal is heard.]
(Alex: You can give me the answer.)
(Alan: Who is American Express?)
(Alex: That is wrong? Gene, do you want to try it? No? I'll give it to you then. What is the [*]? [*]. That sound effect, of course...)
[End-of-round signal plays again.]
(Alex: ...means that the round is over. You're out of Jeopardy, and Alan, you're in jeopardy in a manner of speaking. You're $500 in the hole.)

Diners Club

LorrieAlan
Triple Stumper
    $500 25
(Alan: Blank.)

[Note: Lorrie is given credit for the misquote, "Theirs is but to do or die."]

Theirs but to do and die

LorrieAlan

Scores at the first commercial break (after clue 10):

Lorrie Alan Gene
$1,600 $0 $600

Scores at the end of the Jeopardy! Round:

Lorrie Alan Gene
$2,900 -$500 $2,500

Double Jeopardy! Round responses

ART
U.S. LANDMARKS
SPORTS
RAILROADS
BOTANY
WEIGHTS & MEASURES
    $200 5
Michelangelo

Lorrie
    $200 9
the Statue of Liberty

Gene
    $200 1
the Kentucky Derby

Gene
    $200 16
a caboose

Lorrie
    $200 17
(Gene: Who was, um...?)

(Luther) Burbank

AlanGene
    $400 6
the Madonna

Lorrie
    $400 10
Alcatraz

Lorrie
    $400 2
(Gene: [No response.])

wrestling

AlanGene
    $400 18
(Alan: Pardon me, Alex, the answer is, "What is [*]?")

Chattanooga

Alan
    $400 20
the chestnut tree

Gene
    $2,000 7
El Greco

Lorrie
    $600 12
(Gene: What is the National Cemetery?)
(Alan: What is the Vietnam Vets Memorial?)

the Tomb of the Unknown Soldier

AlanGene
Triple Stumper
    $600 3
Cooperstown

Gene
    $600 21
bamboo

Lorrie
    $800 8
The Thinker

Gene
    $800 13
Ford's Theater

Alan
    $800 4
Dorothy Hamill

Lorrie
    $800 22
the Joshua tree

Lorrie
    $1000 11
(Gene: What is ochre?)
(Lorrie: What is lime?)

egg yolk

LorrieGene
Triple Stumper
    $1000 15
(Gene: What is the Washington Memorial?)
(Alex: Be more specific.)
(Gene: [*].)

the Washington Monument

Gene
    $1000 14
Jim Thorpe

Gene
    $1000 19
(Alex: We've got a minute left to go in this round.)

the Central Pacific

Lorrie
    $1000 23
(Lorrie: Ah...)
(Gene: What is the sequoia?)

the banyan tree

LorrieGene
Triple Stumper

Scores at the end of the Double Jeopardy! Round:

Lorrie Alan Gene
$7,300 $700 $3,500
(lock game)

[wagering suggestions for these scores]

Final Jeopardy! Round responses

WORLD HISTORY
AlanWhat is Belgium?
$700
GeneWhat is Russia
$2,400
LorrieWhat is Belgium?
$250
Belgium

Final scores:

Lorrie Alan Gene
$7,550 $1,400 $1,100
3-day champion: $27,800 2nd place: Sunray deluxe range + Bernardaud de Limoges dinnerware 3rd place: Excel exercise equipment

Game dynamics:

Coryat scores:

Lorrie Alan Gene
$5,900 $700 $3,500
20 R
(including 1 DD),
3 W
6 R
(including 1 DD),
3 W
19 R,
7 W

Combined Coryat: $10,100

[game clues] [game scores] [suggest correction]

Game tape date: 1984-08-08
The J! Archive is created by fans, for fans. Scraping, republication, monetization, and malicious use prohibited; this site may use cookies and collect identifying information. See terms. The Jeopardy! game show and all elements thereof, including but not limited to copyright and trademark thereto, are the property of Jeopardy Productions, Inc. and are protected under law. This website is not affiliated with, sponsored by, or operated by Jeopardy Productions, Inc. Join the discussion at JBoard.tv.